|
|
แสดงรายละเอียดบรรณานุกรม |
|
|
Brief Record
: Get Marc (ISO 2709)
: E-mail record
: |
|
|
| LEADER 00000nama 2200000uu 4500 | |||
| 001 197336 | |||
| 003 ULIBM | |||
| 008 040531s|||| th m m a000 0 tha d | |||
| 020 978-974-7335-84-2 | |||
| 041 tha | |||
| 050 R713.81 อ723ค 2550 | |||
| 100 อิทธิพร คณะเจริญ. | |||
| 245 โครงสร้างแพทยสภา 2550-2552 / อิทธิพร คณะเจริญ. | |||
| 260 กรุงเทพฯ หมอชาวบ้าน. 2550. | |||
| 300 32 หน้า. | |||
| 500 โครงสร้างเอกสารประชาสัมพันธุ์แพทยสภา ชุดที่ 1. | |||
| 650 1. การแพทย์ 2. แพทยสภา. | |||
| 995 001 | |||
| คุณยังไม่ได้ล็อกอิน คุณสามารถมีกิจกรรมร่วมกับเว็บไซต์ได้ แต่ต้องล็อกอินก่อน :: |
|
| สถานะ | |||||||||
| 1. | หนังสือทั่วไป สถานะ=หนังสือเก่า - บริการ ณ ห้องสมุด (ห้องเหลือง) | R713.81 อ723ค 2550 | On Shelf ขอยืม | ||||||
| 2. | หนังสือทั่วไป สถานะ=หนังสือเก่า - บริการ ณ ห้องสมุด (ห้องเหลือง) | R713.81 อ723ค 2550 | On Shelf ขอยืม | ||||||
| [แสดง 2/2 รายการ] | |||||||||
BibComment |
| คอมเมนท์ทรัพยากรรายการนี้ |
|
|